Quiz mythologique : Hestia. - Statistiques

Statistiques générales
  • Ce quiz a été pris 138 fois
  • Le résultat moyen est 6 sur 8
Statistiques - réponses
Questions Réponses % Correct
De quoi Hestia est-elle la déesse? Foyer
95%
Père Cronos
88%
Mère Rhéa
84%
Nom romain Vesta
84%
Hestia est la seule de sa fratrie à ne pas en avoir eu. Enfants
80%
Quel est son principal attribut? Feu sacré
73%
Ces prêtresses servent son équivalent romain. Vestales
60%
Quel animal la représente? Âne
17%
Aucun quiz correspondant
Distribution des résultats
% des personnes avec chaque résultat
Percentile par nombre de réponses
Votre historique - résultats
Vous n’avez pas pris ce quiz